| 000 | 00733cam a22002291 4500 | ||
|---|---|---|---|
| 001 | sa 66002010 | ||
| 003 | DLC | ||
| 005 | 20260227112226.0 | ||
| 008 | 750404s1964 xx 000 0 eng | ||
| 010 | _asa 66002010 | ||
| 035 | _a(OCoLC)1252967 | ||
| 040 |
_aDLC _cTxFTC _dDLC |
||
| 042 | _apremarc | ||
| 050 | 0 | 0 |
_aDS446 _b.P3 |
| 100 | 1 |
_aPanikkar, K. M. _q(Kavalam Madhava), _d1896-1963. |
|
| 245 | 1 | 0 |
_aLectures on India's contact with the world in the pre-British period, _cby K. M. Panikkar. |
| 260 |
_a[Nagpur] _bNagpur University, _c1964. |
||
| 300 |
_a2, 75 p. _c21 cm. |
||
| 490 | 0 |
_aNagpur University. Mahadeo Hari Wathodkar lecture series, _v1963 |
|
| 504 | _aBibliographical footnotes. | ||
| 651 | 0 |
_aIndia _xRelations. |
|
| 999 |
_c68114 _d68114 |
||